FACTORES QUE INCIDEN EN EL DESEMPEÑO LABORAL DEL PERSONAL DE ENFERMERIA EN EL HOSPITAL REGIONAL UNIVERSITARIO JAIME MOTA DE BARAHONA CUATRIMESTRE MAYO AGOSTO AÑO 2013 (Registro nro. 989)

Detalles MARC
000 -LEADER
campo de control de longitud fija 00926nam a22001937a 4500
001 - NÚMERO DE CONTROL
campo de control 4937
005 - FECHA Y HORA DE LA ÚLTIMA TRANSACCIÓN
campo de control 20250522045548.0
008 - DATOS DE LONGITUD FIJA--INFORMACIÓN GENERAL
campo de control de longitud fija 5230202013 dr
090 ## - LOCALMENTE ASIGNADO TIPO-LC NÚMERO DE CLASIFICACIÓN (OCLC); NÚMERO DE CLASIFICACIÓN LOCAL (RLIN)
Número de clasificación (OCLC) (R) ; Numero de clasificación, CALL (RLIN) (NR) ENF 2013-001
100 ## - ENTRADA PRINCIPAL--NOMBRE DE PERSONA
Nombre de persona MENDEZ RECIO, ADA NICAUDYS
245 ## - MENCIÓN DEL TÍTULO
Título FACTORES QUE INCIDEN EN EL DESEMPEÑO LABORAL DEL PERSONAL DE ENFERMERIA EN EL HOSPITAL REGIONAL UNIVERSITARIO JAIME MOTA DE BARAHONA CUATRIMESTRE MAYO AGOSTO AÑO 2013
Mención de responsabilidad, etc. Ada Nicaudys Méndez Recio, Santa Lidia Vargas Medrano y Rafaela Medrano Novas.
260 ## - PUBLICACIÓN, DISTRIBUCIÓN, ETC.
Lugar de publicación, distribución, etc. Barahona :
Nombre del editor, distribuidor, etc. UNIVERSIDAD CATOLICA TECNOLOGICA DE BARAHONA
300 ## - DESCRIPCIÓN FÍSICA
Extensión viii, 98h / 28cm
502 ## - NOTA DE TESIS
Nota de tesis Tesis (Licenciatura en Enfermería)-UCATEBA- Escuela de Enfermería
504 ## - NOTA DE BIBLIOGRAFÍA, ETC.
Nota de bibliografía, etc. Nota Bibliografía: P. 79-81
650 ## - PUNTO DE ACCESO ADICIONAL DE MATERIA--TÉRMINO DE MATERIA
Término de materia o nombre geográfico como elemento de entrada 1.FACTORES QUE INCIDEN EN EL DESEMPEÑO LABORAL PERSONAL DE ENFERMERIA HOSPITAL JAIME MOTA
700 ## - ENTRADA AGREGADA--NOMBRE PERSONAL
Nombre de persona I.VARGAS MEDRANO, SANTA LIDIA, COAUT
700 ## - ENTRADA AGREGADA--NOMBRE PERSONAL
Nombre de persona II.MEDRANO NOVAS, RAFAEL, COAUT
Existencias
Estatus retirado Estado de pérdida Estado de daño No para préstamo Colección Biblioteca de origen Biblioteca actual Fecha de adquisición Total de préstamos Signatura topográfica completa Código de barras Visto por última vez Copia número Precio de reemplazo Tipo de ítem Koha
        Acervo general de Libros Biblioteca Central Mons. Favio M. Rivas S. Biblioteca Central Mons. Favio M. Rivas S. 14/10/2013   ENF 2013-001 000000001243 23/05/2025 1 23/05/2025 Tesis